<?xml version="1.0" encoding="UTF-8"?>
<collection xmlns="http://www.loc.gov/MARC21/slim">
 <record>
  <leader>05695cam a2201069   4500</leader>
  <controlfield tag="001">860731626</controlfield>
  <controlfield tag="003">DE-627</controlfield>
  <controlfield tag="005">20241215024642.0</controlfield>
  <controlfield tag="007">tu</controlfield>
  <controlfield tag="008">160608s2016    gw ||||| cc   00| ||ger c</controlfield>
  <datafield tag="015" ind1=" " ind2=" ">
   <subfield code="a">16,N23</subfield>
   <subfield code="2">dnb</subfield>
  </datafield>
  <datafield tag="016" ind1="7" ind2=" ">
   <subfield code="a">1102261874</subfield>
   <subfield code="2">DE-101</subfield>
  </datafield>
  <datafield tag="020" ind1=" " ind2=" ">
   <subfield code="a">3777426539</subfield>
   <subfield code="c"> : circa EUR 39.90 (DE), circa EUR 41.10 (AT), circa sfr 48.70 (freier Preis)</subfield>
   <subfield code="9">3-7774-2653-9</subfield>
  </datafield>
  <datafield tag="020" ind1=" " ind2=" ">
   <subfield code="a">9783777426532</subfield>
   <subfield code="c"> : circa EUR 39.90 (DE), circa EUR 41.10 (AT), circa sfr 48.70 (freier Preis)</subfield>
   <subfield code="9">978-3-7774-2653-2</subfield>
  </datafield>
  <datafield tag="024" ind1="3" ind2=" ">
   <subfield code="a">9783777426532</subfield>
  </datafield>
  <datafield tag="024" ind1="8" ind2=" ">
   <subfield code="a">2653</subfield>
   <subfield code="q">Bestellnummer</subfield>
  </datafield>
  <datafield tag="028" ind1="5" ind2="2">
   <subfield code="a">2653</subfield>
  </datafield>
  <datafield tag="035" ind1=" " ind2=" ">
   <subfield code="a">(DE-627)860731626</subfield>
  </datafield>
  <datafield tag="035" ind1=" " ind2=" ">
   <subfield code="a">(DE-576)47693527X</subfield>
  </datafield>
  <datafield tag="035" ind1=" " ind2=" ">
   <subfield code="a">(DE-599)DNB1102261874</subfield>
  </datafield>
  <datafield tag="035" ind1=" " ind2=" ">
   <subfield code="a">(OCoLC)951635753</subfield>
  </datafield>
  <datafield tag="035" ind1=" " ind2=" ">
   <subfield code="a">(OCoLC)959564985</subfield>
  </datafield>
  <datafield tag="035" ind1=" " ind2=" ">
   <subfield code="a">(DE-Rt5)4778189</subfield>
  </datafield>
  <datafield tag="040" ind1=" " ind2=" ">
   <subfield code="a">DE-627</subfield>
   <subfield code="b">ger</subfield>
   <subfield code="c">DE-627</subfield>
   <subfield code="e">rda</subfield>
  </datafield>
  <datafield tag="041" ind1=" " ind2=" ">
   <subfield code="a">ger</subfield>
  </datafield>
  <datafield tag="044" ind1=" " ind2=" ">
   <subfield code="c">XA-DE-BY</subfield>
  </datafield>
  <datafield tag="050" ind1=" " ind2="0">
   <subfield code="a">ND567</subfield>
  </datafield>
  <datafield tag="082" ind1="0" ind2=" ">
   <subfield code="a">759.307443336</subfield>
   <subfield code="q">DE-101</subfield>
   <subfield code="2">22/ger</subfield>
  </datafield>
  <datafield tag="082" ind1="0" ind2="4">
   <subfield code="a">750</subfield>
   <subfield code="q">DE-101</subfield>
  </datafield>
  <datafield tag="084" ind1=" " ind2=" ">
   <subfield code="a">Rmk</subfield>
   <subfield code="2">asb</subfield>
  </datafield>
  <datafield tag="084" ind1=" " ind2=" ">
   <subfield code="a">RMK 3</subfield>
   <subfield code="2">ssd</subfield>
  </datafield>
  <datafield tag="084" ind1=" " ind2=" ">
   <subfield code="a">KU 803,3</subfield>
   <subfield code="2">sfb</subfield>
  </datafield>
  <datafield tag="084" ind1=" " ind2=" ">
   <subfield code="a">K 156</subfield>
   <subfield code="2">kab</subfield>
  </datafield>
  <datafield tag="084" ind1=" " ind2=" ">
   <subfield code="a">750</subfield>
   <subfield code="2">sdnb</subfield>
  </datafield>
  <datafield tag="084" ind1=" " ind2=" ">
   <subfield code="a">9,10</subfield>
   <subfield code="2">ssgn</subfield>
  </datafield>
  <datafield tag="084" ind1=" " ind2=" ">
   <subfield code="a">LK 83380</subfield>
   <subfield code="q">BVB</subfield>
   <subfield code="2">rvk</subfield>
   <subfield code="0">(DE-625)rvk/98493:</subfield>
  </datafield>
  <datafield tag="084" ind1=" " ind2=" ">
   <subfield code="a">21.02</subfield>
   <subfield code="2">bkl</subfield>
  </datafield>
  <datafield tag="084" ind1=" " ind2=" ">
   <subfield code="a">20.24</subfield>
   <subfield code="2">bkl</subfield>
  </datafield>
  <datafield tag="245" ind1="1" ind2="0">
   <subfield code="a">Lockruf der Décadence</subfield>
   <subfield code="b">deutsche Malerei und Bohème 1840-1920</subfield>
   <subfield code="c">Wolf Eiermann ; mit Beiträgen von Helmuth Mojem, Reinhard Steiner und Jürgen Wertheimer ; Museum Georg Schäfer</subfield>
  </datafield>
  <datafield tag="264" ind1=" " ind2="1">
   <subfield code="a">München</subfield>
   <subfield code="b">Hirmer</subfield>
   <subfield code="c">[2016]</subfield>
  </datafield>
  <datafield tag="264" ind1=" " ind2="4">
   <subfield code="c">© 2016</subfield>
  </datafield>
  <datafield tag="300" ind1=" " ind2=" ">
   <subfield code="a">210 Seiten</subfield>
   <subfield code="c">28 cm x 24 cm</subfield>
  </datafield>
  <datafield tag="336" ind1=" " ind2=" ">
   <subfield code="a">Text</subfield>
   <subfield code="b">txt</subfield>
   <subfield code="2">rdacontent</subfield>
  </datafield>
  <datafield tag="336" ind1=" " ind2=" ">
   <subfield code="a">unbewegtes Bild</subfield>
   <subfield code="b">sti</subfield>
   <subfield code="2">rdacontent</subfield>
  </datafield>
  <datafield tag="337" ind1=" " ind2=" ">
   <subfield code="a">ohne Hilfsmittel zu benutzen</subfield>
   <subfield code="b">n</subfield>
   <subfield code="2">rdamedia</subfield>
  </datafield>
  <datafield tag="338" ind1=" " ind2=" ">
   <subfield code="a">Band</subfield>
   <subfield code="b">nc</subfield>
   <subfield code="2">rdacarrier</subfield>
  </datafield>
  <datafield tag="361" ind1="1" ind2=" ">
   <subfield code="5">DE-H13</subfield>
   <subfield code="y">1643407724</subfield>
   <subfield code="s">Ausst.Schweinfurt2016-4</subfield>
   <subfield code="o">Zugang</subfield>
   <subfield code="a">Museum Georg Schäfer</subfield>
   <subfield code="0">(DE-588)10005175-3</subfield>
   <subfield code="0">(DE-627)319017877</subfield>
   <subfield code="0">(DE-576)198125844</subfield>
   <subfield code="k">2016-10-28</subfield>
  </datafield>
  <datafield tag="500" ind1=" " ind2=" ">
   <subfield code="a">Impressum: &quot;Dieser Katalog erscheint anlässlich der Ausstellung 'Lockruf der Décadence. Deutsche Malerei und Bohème 1840-1920', 04.09.2016 bis 8.01.2017, Museum Georg Schäfer&quot;</subfield>
  </datafield>
  <datafield tag="561" ind1=" " ind2=" ">
   <subfield code="5">DE-H13</subfield>
   <subfield code="3">Exemplarsatz-ID: 1643407724, Signatur: Ausst.Schweinfurt2016-4</subfield>
   <subfield code="a">Zugang: Museum Georg Schäfer ; http://d-nb.info/gnd/10005175-3 / Datierung: 2016-10-28</subfield>
  </datafield>
  <datafield tag="583" ind1="1" ind2=" ">
   <subfield code="a">Archivierung/Langzeitarchivierung gewährleistet</subfield>
   <subfield code="f">SSG</subfield>
   <subfield code="x">XA-DE-BW</subfield>
   <subfield code="2">pdager</subfield>
   <subfield code="5">DE-16</subfield>
  </datafield>
  <datafield tag="650" ind1=" " ind2="0">
   <subfield code="a">Painting, German</subfield>
   <subfield code="y">19th century</subfield>
   <subfield code="v">Exhibitions</subfield>
  </datafield>
  <datafield tag="650" ind1=" " ind2="0">
   <subfield code="a">Painting, German</subfield>
   <subfield code="y">20th century</subfield>
   <subfield code="v">Exhibitions</subfield>
  </datafield>
  <datafield tag="650" ind1=" " ind2="4">
   <subfield code="a">Dekadenz</subfield>
  </datafield>
  <datafield tag="650" ind1=" " ind2="4">
   <subfield code="a">Malerei</subfield>
  </datafield>
  <datafield tag="650" ind1=" " ind2="4">
   <subfield code="a">Fin de siècle</subfield>
  </datafield>
  <datafield tag="651" ind1=" " ind2="4">
   <subfield code="a">Deutschland</subfield>
  </datafield>
  <datafield tag="655" ind1=" " ind2="7">
   <subfield code="a">Ausstellungskatalog</subfield>
   <subfield code="y">04.09.2016 - 08.01.2017</subfield>
   <subfield code="z">Schweinfurt</subfield>
   <subfield code="0">(DE-588)4135467-9</subfield>
   <subfield code="0">(DE-627)10566491X</subfield>
   <subfield code="0">(DE-576)209660988</subfield>
   <subfield code="2">gnd-content</subfield>
  </datafield>
  <datafield tag="655" ind1=" " ind2="7">
   <subfield code="a">Bildband</subfield>
   <subfield code="0">(DE-588)4145395-5</subfield>
   <subfield code="0">(DE-627)104450835</subfield>
   <subfield code="0">(DE-576)209741139</subfield>
   <subfield code="2">gnd-content</subfield>
  </datafield>
  <datafield tag="655" ind1=" " ind2="7">
   <subfield code="a">Ausstellungskatalog</subfield>
   <subfield code="x">Museum Georg Schäfer</subfield>
   <subfield code="y">04.09.2016-08.01.2017</subfield>
   <subfield code="z">Schweinfurt</subfield>
   <subfield code="0">(DE-588)4135467-9</subfield>
   <subfield code="0">(DE-627)10566491X</subfield>
   <subfield code="0">(DE-576)209660988</subfield>
   <subfield code="2">gnd-content</subfield>
  </datafield>
  <datafield tag="689" ind1="0" ind2="0">
   <subfield code="d">g</subfield>
   <subfield code="0">(DE-588)4011882-4</subfield>
   <subfield code="0">(DE-627)104704861</subfield>
   <subfield code="0">(DE-576)208896155</subfield>
   <subfield code="a">Deutschland</subfield>
   <subfield code="2">gnd</subfield>
  </datafield>
  <datafield tag="689" ind1="0" ind2="1">
   <subfield code="d">s</subfield>
   <subfield code="0">(DE-588)4037220-0</subfield>
   <subfield code="0">(DE-627)10623871X</subfield>
   <subfield code="0">(DE-576)209022892</subfield>
   <subfield code="a">Malerei</subfield>
   <subfield code="2">gnd</subfield>
  </datafield>
  <datafield tag="689" ind1="0" ind2="2">
   <subfield code="d">s</subfield>
   <subfield code="0">(DE-588)4011330-9</subfield>
   <subfield code="0">(DE-627)106353292</subfield>
   <subfield code="0">(DE-576)208892974</subfield>
   <subfield code="a">Dekadenz</subfield>
   <subfield code="2">gnd</subfield>
  </datafield>
  <datafield tag="689" ind1="0" ind2="3">
   <subfield code="d">s</subfield>
   <subfield code="0">(DE-588)4154404-3</subfield>
   <subfield code="0">(DE-627)105523682</subfield>
   <subfield code="0">(DE-576)209810947</subfield>
   <subfield code="a">Fin de siècle</subfield>
   <subfield code="2">gnd</subfield>
  </datafield>
  <datafield tag="689" ind1="0" ind2="4">
   <subfield code="a">z</subfield>
   <subfield code="2">gnd</subfield>
   <subfield code="a">Geschichte 1803-1929</subfield>
  </datafield>
  <datafield tag="689" ind1="0" ind2=" ">
   <subfield code="5">DE-101</subfield>
  </datafield>
  <datafield tag="689" ind1="1" ind2="0">
   <subfield code="d">s</subfield>
   <subfield code="0">(DE-588)4037220-0</subfield>
   <subfield code="0">(DE-627)10623871X</subfield>
   <subfield code="0">(DE-576)209022892</subfield>
   <subfield code="a">Malerei</subfield>
   <subfield code="2">gnd</subfield>
  </datafield>
  <datafield tag="689" ind1="1" ind2="1">
   <subfield code="a">z</subfield>
   <subfield code="2">gnd</subfield>
   <subfield code="a">Geschichte 1840-1920</subfield>
  </datafield>
  <datafield tag="689" ind1="1" ind2=" ">
   <subfield code="5">(DE-627)</subfield>
  </datafield>
  <datafield tag="700" ind1="1" ind2=" ">
   <subfield code="a">Eiermann, Wolf</subfield>
   <subfield code="d">1960-</subfield>
   <subfield code="e">VerfasserIn</subfield>
   <subfield code="e">HerausgeberIn</subfield>
   <subfield code="0">(DE-588)1038176409</subfield>
   <subfield code="0">(DE-627)756739209</subfield>
   <subfield code="0">(DE-576)182213080</subfield>
   <subfield code="4">aut</subfield>
   <subfield code="4">edt</subfield>
  </datafield>
  <datafield tag="700" ind1="1" ind2=" ">
   <subfield code="a">Mojem, Helmuth</subfield>
   <subfield code="d">1961-</subfield>
   <subfield code="e">VerfasserIn</subfield>
   <subfield code="0">(DE-588)11184522X</subfield>
   <subfield code="0">(DE-627)497643790</subfield>
   <subfield code="0">(DE-576)166108553</subfield>
   <subfield code="4">aut</subfield>
  </datafield>
  <datafield tag="700" ind1="1" ind2=" ">
   <subfield code="a">Steiner, Reinhard</subfield>
   <subfield code="d">1950-</subfield>
   <subfield code="e">VerfasserIn</subfield>
   <subfield code="0">(DE-588)1045720631</subfield>
   <subfield code="0">(DE-627)774792698</subfield>
   <subfield code="0">(DE-576)399184724</subfield>
   <subfield code="4">aut</subfield>
  </datafield>
  <datafield tag="700" ind1="1" ind2=" ">
   <subfield code="a">Wertheimer, Jürgen</subfield>
   <subfield code="d">1947-</subfield>
   <subfield code="e">VerfasserIn</subfield>
   <subfield code="0">(DE-588)121398218</subfield>
   <subfield code="0">(DE-627)081281900</subfield>
   <subfield code="0">(DE-576)163534918</subfield>
   <subfield code="4">aut</subfield>
  </datafield>
  <datafield tag="710" ind1="2" ind2=" ">
   <subfield code="a">Hirmer Verlag</subfield>
   <subfield code="e">Verlag</subfield>
   <subfield code="0">(DE-588)1065427166</subfield>
   <subfield code="0">(DE-627)816748985</subfield>
   <subfield code="0">(DE-576)425152642</subfield>
   <subfield code="4">pbl</subfield>
  </datafield>
  <datafield tag="710" ind1="2" ind2=" ">
   <subfield code="a">Museum Georg Schäfer</subfield>
   <subfield code="e">Herausgebendes Organ</subfield>
   <subfield code="0">(DE-588)10005175-3</subfield>
   <subfield code="0">(DE-627)319017877</subfield>
   <subfield code="0">(DE-576)198125844</subfield>
   <subfield code="4">isb</subfield>
   <subfield code="4">orm</subfield>
  </datafield>
  <datafield tag="787" ind1="0" ind2="8">
   <subfield code="i">Rezensiert in</subfield>
   <subfield code="a">Bickmann, Isa, 1965 - </subfield>
   <subfield code="t">Décadence oder Dekadenz?</subfield>
   <subfield code="d">2017</subfield>
   <subfield code="w">(DE-627)1753988438</subfield>
  </datafield>
  <datafield tag="856" ind1="4" ind2="2">
   <subfield code="u">http://deposit.dnb.de/cgi-bin/dokserv?id=a70c0c62f4d743d4987ae75bf73fbea0&amp;prov=M&amp;dok_var=2&amp;dok_ext=htm</subfield>
   <subfield code="m">X: MVB</subfield>
   <subfield code="q">text/html</subfield>
   <subfield code="v">2016-06-08</subfield>
   <subfield code="x">Verlag</subfield>
   <subfield code="3">Inhaltstext</subfield>
  </datafield>
  <datafield tag="856" ind1="4" ind2="2">
   <subfield code="u">http://www.gbv.de/dms/hbk-bs-toc/860731626.pdf</subfield>
   <subfield code="m">V:DE-601</subfield>
   <subfield code="m">B:DE-834</subfield>
   <subfield code="q">application/pdf</subfield>
   <subfield code="v">2016-09-15</subfield>
   <subfield code="x">Verlag</subfield>
   <subfield code="y">Inhaltsverzeichnis</subfield>
   <subfield code="3">Inhaltsverzeichnis</subfield>
  </datafield>
  <datafield tag="856" ind1="4" ind2="2">
   <subfield code="u">http://deposit.dnb.de/cgi-bin/dokserv?id=a70c0c62f4d743d4987ae75bf73fbea0&amp;prov=M&amp;dok_var=1&amp;dok_ext=htm</subfield>
   <subfield code="m">X: MVB</subfield>
   <subfield code="q">text/html</subfield>
   <subfield code="v">2016-06-08</subfield>
   <subfield code="x">Verlag</subfield>
   <subfield code="3">Inhaltstext</subfield>
  </datafield>
  <datafield tag="935" ind1=" " ind2=" ">
   <subfield code="i">Blocktest</subfield>
  </datafield>
  <datafield tag="936" ind1="r" ind2="v">
   <subfield code="a">LK 83380</subfield>
   <subfield code="b">19. und 20. Jahrhundert insgesamt</subfield>
   <subfield code="k">Kunstgeschichte</subfield>
   <subfield code="k">Kunst nach Ländern bzw. Kontinenten</subfield>
   <subfield code="k">Deutschland</subfield>
   <subfield code="k">Deutsche Kunstgeschichte nach Gattungen</subfield>
   <subfield code="k">Malerei</subfield>
   <subfield code="k">Einzelne Epochen</subfield>
   <subfield code="k">Neuzeit</subfield>
   <subfield code="k">19. und 20. Jahrhundert</subfield>
   <subfield code="k">19. und 20. Jahrhundert insgesamt</subfield>
   <subfield code="0">(DE-627)1271169444</subfield>
   <subfield code="0">(DE-625)rvk/98493:</subfield>
   <subfield code="0">(DE-576)201169444</subfield>
  </datafield>
  <datafield tag="936" ind1="b" ind2="k">
   <subfield code="a">21.02</subfield>
   <subfield code="j">Geschichte der Malerei</subfield>
   <subfield code="0">(DE-627)106406698</subfield>
  </datafield>
  <datafield tag="936" ind1="b" ind2="k">
   <subfield code="a">20.24</subfield>
   <subfield code="j">Gesellschaft</subfield>
   <subfield code="j">Kultur</subfield>
   <subfield code="x">Ikonographie</subfield>
   <subfield code="0">(DE-627)106423622</subfield>
  </datafield>
  <datafield tag="951" ind1=" " ind2=" ">
   <subfield code="a">BO</subfield>
  </datafield>
  <datafield tag="990" ind1=" " ind2=" ">
   <subfield code="a">Deutschland</subfield>
  </datafield>
  <datafield tag="990" ind1=" " ind2=" ">
   <subfield code="a">Malerei</subfield>
  </datafield>
  <datafield tag="990" ind1=" " ind2=" ">
   <subfield code="a">Dekadenz</subfield>
  </datafield>
  <datafield tag="990" ind1=" " ind2=" ">
   <subfield code="a">Fin de siècle</subfield>
  </datafield>
  <datafield tag="990" ind1=" " ind2=" ">
   <subfield code="a">Geschichte 1803-1929</subfield>
  </datafield>
  <datafield tag="990" ind1=" " ind2=" ">
   <subfield code="a">Malerei</subfield>
  </datafield>
  <datafield tag="990" ind1=" " ind2=" ">
   <subfield code="a">Geschichte 1840-1920</subfield>
  </datafield>
  <datafield tag="991" ind1=" " ind2=" ">
   <subfield code="a">Rezensiertes Werk</subfield>
  </datafield>
  <datafield tag="999" ind1=" " ind2=" ">
   <subfield code="a">KXP-PPN860731626</subfield>
   <subfield code="e">4049919036</subfield>
  </datafield>
 </record>
</collection>
